Kommuner i Rogaland - Statistics

General Stats
  • This quiz has been taken 201 times
  • The average score is 16 of 26
Answer Stats
Innbyggertall Kommune % Correct
132,729 Stavanger
100%
18,800
97%
75,497 Sandnes
97%
37,166 Haugesund
92%
19,045 Klepp
80%
26,016 Sola
79%
42,229 Karmøy
78%
10,873 Randaberg
75%
14,899 Eigersund
67%
18,656 Time
64%
4,760 Sauda
60%
201 Utsira
59%
855 Bokn
57%
11,902 Gjesdal
57%
2,826 Bjerkreim
53%
2,708 Hjelmeland
49%
534 Kvitsøy
49%
11,041 Tysvær
49%
3,853 Suldal
48%
3,316 Sokndal
46%
3,259 Lund
45%
12,662 Strand
45%
8,828 Vindafjord
44%
3,235 Finnøy
34%
1,245 Forsand
31%
4,892 Rennesøy
30%
No matching quizzes found
Score Distribution
Percent of People with Each Score
Percentile by Number Answered
Your Score History
You have not taken this quiz